000 00627nam a2200205 i 4500
001 30930
003 ES-MaACL
005 20260104170529.0
007 t|
008 030127s1956 sp ||||1| spa d
100 1 _aBaruk, Henri.
_926212
245 1 3 _aLa psiquiatría social /
_cHenri Baruk ; [traducción castellana de Rafael Vidal Folch].
260 _aBarcelona :
_bVergara,
_c[1956] (
_fEstampa)
300 _a175 p. ;
_c18 cm.
490 1 _aManuales de Vergara
700 1 _aVidal Folch, Rafael.
_9114486
830 0 _aManuales Vergara
_9182404
852 _aES-MaACL
_jC-10642
_bR.38883
999 _c30930
_d30930